| 000 | 01198nam a2200229Ia 4500 | ||
|---|---|---|---|
| 001 | L200-54191 | ||
| 003 | IT-CnALBA | ||
| 008 | 170116s9999||||xx |||||||||||||| ||und|| | ||
| 040 |
_aIT-CnALBA _cIT-CnALBA |
||
| 041 | _aITALIANO | ||
| 100 | _aMEYENDORFF JEAN | ||
| 245 | 0 | _aCRISTOLOGIA ORTODOSSA. | |
| 250 | _a1a ed. | ||
| 260 |
_aROMA _bAVE, ANONIMA VERITA'S EDITRICE _c1974 [1° Ed.:1974 - Ed.Ling.Originale: 1969] |
||
| 300 | _a254 p. | ||
| 500 | _aTEOLOGIA OGGI. PRESENTAZIONE DI LANNE E. SIGNIFICATO SPIRITUALE DELLA CRISTOLOGIA. CRISTOLOGIA DEL V SECOLO. CALCEDONESI E MONOFISITI. CRISI ORIGENISTA. DIO SOFFRI' NELLA CARNE. LO PSEUDO DIONIGI. GLI SCRITTORI SPIRITUALI. SALVEZZA ASCETICA DIVINIZZAZIONE | ||
| 501 | _aSocietà San Paolo EM - Piazza San Paolo, 14 - 12051 ALBA (CN) (non commercial uses only) ® Copyright 2017 | ||
| 520 | _aTEOLOGIA OGGI. PRESENTAZIONE DI LANNE E. SIGNIFICATO SPIRITUALE DELLA CRISTOLOGIA. CRISTOLOGIA DEL V SECOLO. CALCEDONESI E MONOFISITI. CRISI ORIGENISTA. DIO SOFFRI' NELLA CARNE. LO PSEUDO DIONIGI. GLI SCRITTORI SPIRITUALI. SALVEZZA ASCETICA DIVINIZZAZIONE | ||
| 650 | _aRELIGIONE - RELIGIONE CRISTIANA | ||
| 942 | _cBK | ||
| 957 | _71 | ||
| 999 |
_a71681 _bNO _g Copie: 1 _c313063 _d313063 |
||